DIFTERIA

Bibliographic Details
Main Author: Chura, Alojz Ján, 1899-1979 (Author)
Format: Article
Language:Slovak

MARC

LEADER 00000nab a2200000ua 4500
001 vtls010800987
003 SK-MaSNL
005 20260303124100.0
008 230214s1929 xo |||||||||||||||||slo|
035 |a (urnnbn)urn:nbn:sk:snk:ar-a035f1 
035 |a (uuid)b96cc787-e236-4aea-aef8-3b8475ec354e 
035 |a urn:nbn:sk:snk-ab53e9 
040 |a SNKBUCL  |b slo  |c SNKBUCL  |e AACR2 
041 0 |a slo 
044 |a xo  |c SK 
100 1 |a Chura, Alojz Ján,  |d 1899-1979  |4 aut  |9 155066 
245 1 0 |a DIFTERIA  |c Alojz J. Chura 
773 0 |t Bratislavské lekárske listy  |g Roč. 9, č. 7 (1929), s. 499-528 
954 |a odborná, vedecká literatúra pôvodná (slovenská)  |2 lita 
958 |a OND 
958 |a EUIPO 
958 |a article3 
999 |c 1929099  |d 1931029